Coupes du Monde de Football: Pays-Bas - Statistiques

Statistiques générales
  • Ce quiz a été pris 98 fois
    68 depuis la dernière actualisation
  • Le résultat moyen est 30 sur 39
Statistiques - réponses
Réponse % Correct
Argentine
98%
Brésil
98%
Espagne
97%
Italie
93%
Uruguay
92%
Etats-Unis
90%
RDA
90%
RFA
90%
Japon
87%
Sénégal
87%
Belgique
85%
RF Yougoslavie
85%
Serbie-et-Monténégro
85%
Angleterre
84%
Mexique
84%
Portugal
84%
Australie
80%
Chili
79%
Corée du Sud
79%
Maroc
79%
Suède
77%
Croatie
75%
Qatar
74%
Suisse
74%
Tchécoslovaquie
74%
Equateur
72%
Irlande
72%
Costa Rica
70%
Danemark
69%
Cameroun
67%
Autriche
66%
Ecosse
64%
Arabie Saoudite
61%
Egypte
59%
Côte d'Ivoire
56%
Iran
56%
Bulgarie
51%
Pérou
51%
Slovaquie
49%
Aucun quiz correspondant
Distribution des résultats
% des personnes avec chaque résultat
Percentile par nombre de réponses
Votre historique - résultats
Vous n’avez pas pris ce quiz depuis la dernière actualisation